000 00805cam a22002534a 4500
001 14140067
005 20260116184812.0
008 051013s2006 maua b 001 0 eng
020 _a0618088784
020 _a061856814X
_qmain student text
020 _a0618721851
_qexam copy
020 _a9780618088782
020 _a9780618721856
_q(exam copy)
050 0 0 _aHF5636
_b.N67 2006
100 1 _aNorton, Curtis L.
245 1 0 _aIntermediate accounting :
_bfinancial reporting and analysis /
_cCurtis Norton, Michael A. Diamond, Donald P. Pagach.
250 _a2nd ed.
260 _aBoston :
_bHoughton Mifflin Co.,
_cc2006.
300 _axxx, 987, 12 p. :
_bill. ;
_c29 cm.
650 0 _aAccounting.
700 1 _aDiamond, Michael A.
700 1 _aPagach, Donald P.
942 _2lcc
_cBK
_e2nd Ed.
_n0
999 _c8590
_d8590